00713nam a2200205Ia 4500008004100000020001500041040001800056041000800074100003300082245009000115260005900205300003500264490005100299504002800350650002100378650002600399650001500425650004100440700002600481130821s2004 ck a gr spa  a9588200326 aCo-BoUCMbspa00aspa1 aMier Logatto, Freddy Alberto11a¿Cómo producir textos escritos?cFreddy Alberto Mier Lagatto, Edgar Arias Garavito aBogotá (Colombia)bUniversidad Sergio Arboledac2004 a124 páginasbcuadros, tablas aColección Programa de Lectura y Escriturav4 aIncluye bibliografía.04aArte de escribir04aEscritos académicos04aLiteratura04aRedacción de escritos académicos1 aArias Garavito, Edgar